Riziko a úspech Orientácia na slobodnom trhu práce

Saved in:
Bibliographic Details
Main Author: Kunst, Petr
Other Authors: Smolinská, Tatiana
Format: Book
Language:Slovak
Published: Bratislava Práca 1990
Edition:1. vyd.
Tags: Add Tag
No Tags, Be the first to tag this record!

MARC

LEADER 00000nam a2200000 4500
001 c022737
005 20221215071413.1
041 0 |a slo 
044 |a SK 
245 1 0 |a Riziko a úspech  |b Orientácia na slobodnom trhu práce  |c Petr Kunst ; [Z češ. prel.] Tatiana Smolinská 
250 |a 1. vyd. 
264 1 |a Bratislava  |b Práca  |c 1990 
300 |a 94 s. 
100 1 |a Kunst, Petr 
700 1 |a Smolinská, Tatiana